| 000 | 00393nam a2200169Ia 4500 | ||
|---|---|---|---|
| 008 | 230524s9999 xx 000 0 und d | ||
| 020 | _a9780074604823 | ||
| 082 |
_a4.5 _bDON |
||
| 100 | _aJohan J.Donovan | ||
| 245 | 0 | _aSystems Programming | |
| 250 | _a1ST | ||
| 260 |
_aNEW DELHI _bTMH _c2010 |
||
| 300 | _aXII;471 | ||
| 500 | _aQuantity Number: 168 | ||
| 650 | _aComp-Sc | ||
| 942 | _cBK | ||
| 999 |
_c24368 _d24368 |
||